[Event "Ì15Ï"]
[Site "Loo"]
[Date "2017.04.26"]
[Round "7.47"]
[White "Ùåïåòíîâ, Åãîð."]
[Black "Ìèêèåâ, Êëèì."]
[Result "1/2-1/2"]
[WhiteElo "1711"]
[BlackElo "1511"]
[PlyCount "68"]
[EventDate "2017.04.20"]

1. e4 c5 2. d4 cxd4 3. c3 Nf6 4. e5 Nd5 5. Qxd4 e6 6. Nf3 Nc6 7. Qe4 d6 8. Bb5
Qc7 9. c4 Nb6 10. Be3 d5 11. cxd5 Nxd5 12. Nc3 Bb4 13. O-O Bxc3 14. bxc3 Nxc3
15. Bxc6+ bxc6 16. Qg4 O-O 17. Bg5 Kh8 18. Rfe1 Ba6 19. h4 Rab8 20. Qf4 Ne2+
21. Rxe2 Bxe2 22. Bf6 Rg8 23. h5 Bxf3 24. h6 Bh5 25. Rd1 Qb6 26. Kh2 Qb4 27.
Qg5 Qg4 28. Bxg7+ Rxg7 29. hxg7+ Kg8 30. Rd8+ Rxd8 31. Qxd8+ Kxg7 32. Qf6+ Kg8
33. Qd8+ Kg7 34. Qf6+ Kg8 1/2-1/2

[Event "Ì15Ï"]
[Site "Loo"]
[Date "2017.04.26"]
[Round "7.48"]
[White "Åðîõèí, Àðòåì."]
[Black "Ìåäâåäåâ, Äàâèä."]
[Result "1-0"]
[WhiteElo "1705"]
[BlackElo "1488"]
[PlyCount "119"]
[EventDate "2017.04.20"]

1. e4 c5 2. Nf3 Nc6 3. d4 cxd4 4. Nxd4 Qb6 5. Nb3 Nf6 6. Nc3 e6 7. Bd3 Bb4 8.
O-O Bxc3 9. bxc3 O-O 10. Be3 Qc7 11. f4 d5 12. e5 Nd7 13. Qh5 g6 14. Qh6 f5 15.
Rf3 b6 16. Rg3 Ne7 17. h4 Rf7 18. h5 Nf8 19. Bd4 Bb7 20. Nd2 Kh8 21. Kf2 Ng8
22. Qg5 Qe7 23. Rh1 Qxg5 24. Rxg5 Ne7 25. hxg6 Nfxg6 26. Ke3 Rg8 27. g4 Nf8 28.
Rhh5 fxg4 29. f5 Rxg5 30. Rxg5 Nxf5+ 31. Bxf5 Rxf5 32. Rxf5 exf5 33. e6+ Kg8
34. e7 Kf7 35. exf8=Q+ Kxf8 36. Kf4 Bc8 37. Nf1 Kf7 38. Ne3 Kg6 39. Nxd5 Kf7
40. Ne3 Kg6 41. c4 h5 42. Ng2 Be6 43. c5 bxc5 44. Bxc5 Bxa2 45. Bxa7 Bb1 46. c3
Be4 47. Nh4+ Kf6 48. Bd4+ Ke6 49. c4 Bd3 50. c5 Be4 51. Kg5 g3 52. Kxh5 f4 53.
Kg4 Kd5 54. Bg1 Ke5 55. Nf3+ Bxf3+ 56. Kxf3 Kf5 57. Bd4 Ke6 58. Kxf4 g2 59. Kg3
Kd5 60. Kxg2 1-0

[Event "Ì15Ï"]
[Site "Loo"]
[Date "2017.04.26"]
[Round "7.49"]
[White "Áîéêî, Èãîðü."]
[Black "Ãîçãåøåâ, Ýëüäàð."]
[Result "1-0"]
[WhiteElo "1649"]
[BlackElo "1475"]
[PlyCount "85"]
[EventDate "2017.04.20"]

1. d4 d5 2. Nf3 e6 3. c4 Nf6 4. g3 Be7 5. Bg2 O-O 6. O-O c5 7. cxd5 exd5 8. Nc3
Nc6 9. Bg5 c4 10. b3 h6 11. Bf4 Be6 12. bxc4 dxc4 13. e4 Bg4 14. d5 Nb4 15. h3
Bxf3 16. Qxf3 Nd3 17. e5 Nd7 18. Qe4 Rc8 19. d6 Bg5 20. Kh2 Bxf4 21. gxf4 Qh4
22. Nd5 Rc5 23. Qf5 Rd8 24. Be4 Nf8 25. Qg4 Qxg4 26. hxg4 Ne6 27. Kg3 b5 28.
Ne7+ Kf8 29. Bxd3 cxd3 30. Rfd1 d2 31. Rxd2 Rc3+ 32. f3 Rc4 33. f5 Ng5 34. Rd3
a5 35. Re1 b4 36. e6 a4 37. Ng6+ fxg6 38. e7+ Ke8 39. exd8=Q+ Kxd8 40. d7 Nf7
41. Re8+ Kc7 42. Rc8+ Kb7 43. Rxc4 1-0

[Event "Ì15Ï"]
[Site "Loo"]
[Date "2017.04.26"]
[Round "7.50"]
[White "Öàðüêîâ, Ìèõàèë."]
[Black "Æóê, Êèðèëë."]
[Result "1-0"]
[WhiteElo "1471"]
[BlackElo "1641"]
[PlyCount "118"]
[EventDate "2017.04.20"]

1. d4 d5 2. Bf4 e6 3. Nf3 c5 4. e3 Nc6 5. Nbd2 Nf6 6. Bb5 Bd7 7. c3 a6 8. Bxc6
Bxc6 9. Ne5 Be7 10. Nxc6 bxc6 11. Qa4 Qd7 12. Nf3 cxd4 13. Ne5 Qb7 14. Nxc6
Qxb2 15. Nxd4+ Nd7 16. O-O Qa3 17. Qc6 Rd8 18. Qc7 Nb8 19. Nc6 Nxc6 20. Qxc6+
Kf8 21. Rab1 Qc5 22. Qxa6 Qxc3 23. Rfc1 Qf6 24. Rc8 g5 25. Rxd8+ Bxd8 26. Qd6+
Qe7 27. Qxe7+ Bxe7 28. Rb8+ Kg7 29. Be5+ f6 30. Rxh8 Kxh8 31. Bc3 e5 32. a4 Bc5
33. Ba5 d4 34. exd4 Bxd4 35. Bd8 Kg7 36. a5 Ba7 37. Bb6 Bb8 38. a6 Kg6 39. a7
Bxa7 40. Bxa7 h5 41. f3 Kf5 42. Kf2 e4 43. fxe4+ Kxe4 44. Bc5 h4 45. h3 Kf4 46.
Bd6+ Ke4 47. Be7 Ke5 48. Kf3 Kf5 49. Bd8 Kg6 50. Ke4 f5+ 51. Ke5 f4 52. Be7 Kh5
53. Kf5 f3 54. gxf3 Kh6 55. Kg4 Kg6 56. Bxg5 Kg7 57. Bxh4 Kg6 58. f4 Kg7 59. f5
Kf7 1-0

[Event "Ì15Ï"]
[Site "Loo"]
[Date "2017.04.26"]
[Round "7.51"]
[White "Øêðåáêî, Ìèõàèë."]
[Black "Ñìåëûõ, Ýäâèí."]
[Result "1-0"]
[WhiteElo "1468"]
[BlackElo "1635"]
[PlyCount "89"]
[EventDate "2017.04.20"]

1. d4 d5 2. c4 c6 3. Nf3 Nf6 4. Qc2 e6 5. g3 Nbd7 6. Bg2 Be7 7. Nbd2 O-O 8. O-O
b6 9. e4 dxe4 10. Nxe4 Nxe4 11. Qxe4 Bb7 12. Rd1 Rc8 13. Bf4 Nf6 14. Qe2 Bd6
15. Ne5 Qe7 16. Bg5 Qc7 17. Bxf6 gxf6 18. Nd3 Qe7 19. Rd2 Rfd8 20. Rad1 Rd7 21.
Bh3 Rcd8 22. a3 a5 23. Ne1 Bb8 24. Nc2 Ba6 25. Ne3 Ba7 26. Bg2 Rd6 27. Nf5 Qc7
28. Qg4+ Kf8 29. Qg7+ Ke8 30. Qg8+ Kd7 31. Qxf7+ Kc8 32. Nxd6+ Rxd6 33. Qxf6
Bxc4 34. Bh3 b5 35. Re1 Qd7 36. Re4 Kb7 37. Rg4 Ka6 38. Rg7 Qd8 39. Qf7 Qb8 40.
Bf1 Bb3 41. Qf4 Qd8 42. d5 Rxd5 43. Rxd5 Qxd5 44. Qf7 Qd4 45. Qb7# 1-0

[Event "Ì15Ï"]
[Site "Loo"]
[Date "2017.04.26"]
[Round "7.52"]
[White "Ïðèùåíêî, Àíäðåé."]
[Black "Èãíàòåíêî, Àðòóð."]
[Result "1/2-1/2"]
[WhiteElo "1280"]
[BlackElo "1621"]
[PlyCount "92"]
[EventDate "2017.04.20"]

1. e4 e5 2. Nf3 Nc6 3. Nc3 Nf6 4. d4 exd4 5. Nxd4 d6 6. Be3 Be7 7. Bc4 Nxd4 8.
Qxd4 Be6 9. Nd5 c6 10. Nxe7 Qxe7 11. Bd3 h6 12. O-O O-O 13. a3 d5 14. Qc3 Rfd8
15. e5 Nd7 16. f4 f5 17. Qb4 Qxb4 18. axb4 b6 19. Ra6 Nb8 20. Bxb6 Nxa6 21.
Bxd8 Nxb4 22. Bc7 Nxd3 23. cxd3 a5 24. Rc1 Ra6 25. Ra1 a4 26. d4 Bc8 27. b3
axb3 28. Rb1 Ra7 29. Bd6 Rb7 30. Kf2 Kf7 31. Ke3 Rb5 32. Kd3 Ba6 33. Kc3 b2 34.
Rxb2 Rxb2 35. Kxb2 Bf1 36. g3 g5 37. Kc3 gxf4 38. gxf4 Be2 39. Kd2 Bg4 40. Ke3
h5 41. h4 Ke6 42. Kd3 Bf3 43. Kc3 Bg4 44. Kb4 Be2 45. Kc5 Bd3 46. Kxc6 Be2
1/2-1/2

[Event "Ì15Ï"]
[Site "Loo"]
[Date "2017.04.26"]
[Round "7.53"]
[White "Ùåïåòîâ, Ìàêñèì."]
[Black "Èëüþøèí, Òèìîôåé."]
[Result "0-1"]
[WhiteElo "1600"]
[BlackElo "1376"]
[PlyCount "132"]
[EventDate "2017.04.20"]

1. d4 e6 2. c4 f5 3. Nc3 Nf6 4. Bg5 Bb4 5. a3 Bxc3+ 6. bxc3 O-O 7. Nf3 b6 8. e3
Bb7 9. Be2 d6 10. O-O Nbd7 11. Rb1 Qe8 12. Bf4 Nh5 13. Bg3 Nxg3 14. hxg3 Nf6
15. Nd2 Rb8 16. Bf3 Bxf3 17. Qxf3 Ng4 18. Qe2 Qh5 19. Nf3 Rf6 20. Nh4 g5 21. f3
Nh6 22. Qf2 gxh4 23. gxh4 Kh8 24. Rb5 c6 25. Rb2 Rg8 26. Qe1 Rfg6 27. Kh2 f4
28. exf4 Nf5 29. g4 Qxh4+ 30. Qxh4 Nxh4 31. Kh3 Rh6 32. g5 Rh5 33. Kg4 Rh6 34.
Rh1 Nf5 35. Rxh6 Nxh6+ 36. Kg3 Nf5+ 37. Kf2 Nh4 38. Re2 Re8 39. Kg3 Nf5+ 40.
Kg4 Kg7 41. Re4 Kf7 42. Re2 h5+ 43. Kh3 h4 44. Re4 Ng3 45. Re1 Nf5 46. Re4 Rb8
47. Re2 b5 48. Rb2 Rb6 49. c5 dxc5 50. dxc5 Ra6 51. Rb3 Ra4 52. Kg4 Rc4 53. Rb4
Rxc5 54. a4 a6 55. axb5 axb5 56. Rb3 Rd5 57. Ra3 Kg6 58. Ra6 Rc5 59. Ra3 Rc4
60. Rb3 Ne3+ 61. Kxh4 Rxf4+ 62. Kg3 Rc4 63. f4 Nd5 64. Kh2 Rxc3 65. Rb2 Nxf4
66. Rb4 Kxg5 0-1

[Event "Ì15Ï"]
[Site "Loo"]
[Date "2017.04.26"]
[Round "7.55"]
[White "Îæåãîâ, Åãîð."]
[Black "Òèòîâè÷, Ìèõàèë."]
[Result "1/2-1/2"]
[WhiteElo "1632"]
[BlackElo "1440"]
[PlyCount "74"]
[EventDate "2017.04.20"]

1. e4 e6 2. d3 d5 3. Qe2 dxe4 4. dxe4 Nc6 5. c3 Bc5 6. Nf3 Nge7 7. Be3 Bxe3 8.
Qxe3 O-O 9. Bc4 e5 10. Nbd2 Ng6 11. O-O-O Qe7 12. g3 Be6 13. Bd5 Bxd5 14. exd5
Nd8 15. h4 f6 16. h5 Nh8 17. Nh4 Qd7 18. Ne4 b6 19. g4 a5 20. h6 g6 21. g5 fxg5
22. Qxg5 Qf7 23. Qxe5 Qf4+ 24. Qxf4 Rxf4 25. Rde1 Nb7 26. Ng5 Nf7 27. Ne6 Rxf2
28. Nxc7 Rd8 29. Rhg1 Nc5 30. Ne6 Nxe6 31. dxe6 Rdd2 32. e7 Rc2+ 33. Kb1 Rxb2+
34. Kc1 Rbc2+ 35. Kb1 Rb2+ 36. Kc1 Rbc2+ 37. Kb1 Rb2+ 1/2-1/2

[Event "Ì15Ï"]
[Site "Loo"]
[Date "2017.04.26"]
[Round "7.56"]
[White "Àíòîíîâ, Àíäðåé."]
[Black "ßñòðåáîâ, Íèêèòà."]
[Result "1/2-1/2"]
[WhiteElo "1373"]
[BlackElo "1602"]
[PlyCount "91"]
[EventDate "2017.04.20"]

1. f4 c5 2. Nf3 d6 3. e3 g6 4. Nc3 Bg7 5. b3 a6 6. Bb2 b5 7. Qc1 Bb7 8. Be2 Nf6
9. Nd1 Nbd7 10. Nf2 Rc8 11. O-O O-O 12. a4 b4 13. Qd1 Qb6 14. h3 Rfd8 15. Nh2
Nf8 16. Rb1 a5 17. Nfg4 Ne4 18. Bxg7 Kxg7 19. Qc1 Ng3 20. Qb2+ f6 21. Rfe1
Nxe2+ 22. Rxe2 h5 23. Nf2 d5 24. c3 Qc6 25. Nf3 Ba6 26. Ree1 Rb8 27. cxb4 Rxb4
28. Qc3 c4 29. Nd4 Qd7 30. Nc2 Rxb3 31. Rxb3 cxb3 32. Qxb3 Rc8 33. Nd4 Bc4 34.
Qa3 Ne6 35. Nd1 Nc5 36. Nc3 Nd3 37. Rb1 Nb4 38. Qc1 Bd3 39. Ra1 e5 40. fxe5
fxe5 41. Nf3 Qd6 42. Qd1 e4 43. Nd4 Rf8 44. Qb3 Bc4 45. Qb2 Qg3 46. Ne6+
1/2-1/2

[Event "Ì15Ï"]
[Site "Loo"]
[Date "2017.04.26"]
[Round "7.57"]
[White "Þñóïîâ, Ìàðê."]
[Black "Åôàíîâ, Àëåêñåé."]
[Result "1/2-1/2"]
[WhiteElo "1280"]
[BlackElo "1567"]
[PlyCount "49"]
[EventDate "2017.04.20"]

1. Nc3 Nf6 2. Nf3 Nc6 3. d4 d5 4. Bf4 e6 5. e3 Bb4 6. Bg5 Be7 7. Bd3 O-O 8. O-O
Nb4 9. e4 Nxd3 10. cxd3 b6 11. e5 Nd7 12. Bxe7 Qxe7 13. Rc1 c6 14. Nd2 Bb7 15.
Nb3 Rac8 16. f4 f6 17. Qe2 c5 18. Nb5 cxd4 19. Rxc8 Rxc8 20. Nd6 Rc7 21. Nb5
Rc8 22. Nd6 Rc7 23. Nb5 Rc8 24. Nd6 Rc7 25. Nb5 1/2-1/2

[Event "Ì15Ï"]
[Site "Loo"]
[Date "2017.04.26"]
[Round "7.58"]
[White "Áåçóõîâ, Àëåêñàíäð."]
[Black "Áåëîâ, Ñòåïàí."]
[Result "1-0"]
[WhiteElo "1564"]
[BlackElo "1216"]
[PlyCount "65"]
[EventDate "2017.04.20"]

1. e4 e6 2. d4 d5 3. e5 c5 4. c3 Qb6 5. Nf3 Bd7 6. a3 Bb5 7. Bd3 Bxd3 8. Qxd3
a5 9. O-O Nc6 10. a4 cxd4 11. cxd4 Nb4 12. Qe2 Rc8 13. Nc3 Ne7 14. Be3 Nf5 15.
Rac1 Rc6 16. g4 Nxe3 17. Qxe3 Be7 18. Nd2 O-O 19. f4 f6 20. Nf3 Rcc8 21. Nb5
Nc6 22. exf6 Rxf6 23. g5 Rf7 24. Qxe6 Qd8 25. Ne5 Qf8 26. Nxf7 Rb8 27. Ne5+ Kh8
28. Ng6+ hxg6 29. Rc3 Qg8 30. Rh3+ Qh7 31. Rxh7+ Kxh7 32. Rf3 Bxg5 33. fxg5 1-0

[Event "Ì15Ï"]
[Site "Loo"]
[Date "2017.04.26"]
[Round "7.59"]
[White "Êîäçîåâ, Àëåêñàíäð."]
[Black "Ïàâëè÷åíêî, Íèêèòà."]
[Result "1/2-1/2"]
[WhiteElo "1229"]
[BlackElo "1539"]
[PlyCount "83"]
[EventDate "2017.04.20"]

1. e4 e6 2. d4 d5 3. Nd2 dxe4 4. Nxe4 Bd7 5. Nf3 Bc6 6. Bd3 Nd7 7. O-O Ngf6 8.
Qe2 Nxe4 9. Bxe4 Bxe4 10. Qxe4 c6 11. c3 Nf6 12. Qc2 Nd5 13. Be3 Be7 14. a3 O-O
15. Qb3 Qb6 16. Qxb6 Nxb6 17. Bf4 Nd5 18. Bg5 Bxg5 19. Nxg5 h6 20. Ne4 Rfd8 21.
f4 Ne3 22. Rf3 Nd5 23. Re1 Rab8 24. Nd2 c5 25. Nb3 cxd4 26. Nxd4 Ne7 27. g4 Nc6
28. Nb3 Rd5 29. Kf2 Rbd8 30. Rfe3 Rd3 31. R1e2 b6 32. f5 Rxe3 33. Rxe3 exf5 34.
gxf5 Kf8 35. Ke2 Re8 36. Rxe8+ Kxe8 37. Nd4 Nxd4+ 38. cxd4 Ke7 39. Kf3 Kd6 40.
Ke4 a6 41. b3 h5 42. h4 1/2-1/2

[Event "Ì15Ï"]
[Site "Loo"]
[Date "2017.04.26"]
[Round "7.60"]
[White "Ðîìàíîâ, Àëüàìèí."]
[Black "Âèòåð, Þðèé."]
[Result "1-0"]
[WhiteElo "1495"]
[BlackElo "1207"]
[PlyCount "55"]
[EventDate "2017.04.20"]

1. e4 c6 2. d4 d5 3. Nc3 e6 4. Nf3 Bb4 5. e5 c5 6. Bb5+ Bd7 7. O-O cxd4 8. Qxd4
Bxc3 9. Bxd7+ Nxd7 10. Qxc3 Rc8 11. Qd4 Ne7 12. Bg5 b6 13. c3 Rc4 14. Qd2 h6
15. Bxe7 Qxe7 16. Rfe1 O-O 17. Nd4 Nc5 18. b3 Ne4 19. Rxe4 Rxc3 20. Rg4 h5 21.
Rxg7+ Kxg7 22. Qxc3 Rg8 23. Qf3 Qc5 24. Qf6+ Kh7 25. Qxf7+ Rg7 26. Qxg7+ Kxg7
27. Nxe6+ Kf7 28. Nxc5 1-0

[Event "Ì15Ï"]
[Site "Loo"]
[Date "2017.04.26"]
[Round "7.61"]
[White "Îíèùåíêî, Ãåííàäèé."]
[Black "Òÿí, Îëåã."]
[Result "1-0"]
[WhiteElo "1451"]
[BlackElo "1136"]
[PlyCount "60"]
[EventDate "2017.04.20"]

1. e4 e5 2. Nf3 Nc6 3. Bb5 a6 4. Ba4 Nf6 5. O-O Be7 6. d3 b5 7. Bb3 d6 8. Re1
Bg4 9. Nbd2 O-O 10. c3 Na5 11. Bc2 c5 12. Nf1 Qc7 13. h3 Bd7 14. Bg5 h6 15. Bh4
Nb7 16. Rc1 Qb8 17. Ne3 Bd8 18. d4 cxd4 19. cxd4 Ne8 20. Bxd8 Nxd8 21. dxe5 Be6
22. exd6 Nxd6 23. Nd4 Qb7 24. Nxe6 Nxe6 25. Qxd6 Rfd8 26. Qg3 Ng5 27. Nf5 f6
28. h4 Nh7 29. Bb3+ Kh8 30. Rc7 Qb6 1-0

[Event "Ì15Ï"]
[Site "Loo"]
[Date "2017.04.26"]
[Round "7.62"]
[White "Ïåòÿêîâ, Ýìèð."]
[Black "Ïåðåãóäîâ, Äåíèñ."]
[Result "1/2-1/2"]
[WhiteElo "1191"]
[BlackElo "1568"]
[PlyCount "108"]
[EventDate "2017.04.20"]

1. d4 d5 2. c4 e6 3. Nc3 Nf6 4. cxd5 exd5 5. Bg5 Nbd7 6. e3 c6 7. Bd3 Bd6 8.
Nge2 O-O 9. Qc2 Qc7 10. Bf4 Bxf4 11. Nxf4 Nb6 12. O-O Re8 13. b4 a6 14. a4 Nc4
15. b5 Be6 16. bxc6 Qxc6 17. e4 Rac8 18. e5 Nd7 19. Bxh7+ Kh8 20. Rac1 g6 21.
Bxg6 fxg6 22. Qxg6 Bg8 23. Qh5+ Bh7 24. Ncxd5 Qxa4 25. e6 Nf8 26. Nb6 Nxb6 27.
Rxc8 Nxc8 28. Qe5+ Kg8 29. Nh5 Nxe6 30. Nf6+ Kf7 31. d5 Ng7 32. Nxe8 Nxe8 33.
Qe6+ Kg7 34. Qxc8 Nf6 35. Qxb7+ Kg8 36. Qe7 Qd4 37. d6 Bd3 38. Qe6+ Kg7 39. Rc1
Bc2 40. Qe7+ Kg6 41. h3 a5 42. Qc7 Bf5 43. Qxa5 Ne4 44. Qa2 Kh6 45. Qe2 Ng3 46.
Qf3 Qd2 47. Rd1 Ne2+ 48. Kh2 Qxd1 49. Qe3+ Kg6 50. Qe8+ Kg7 51. Qe5+ Kg6 52.
Qe8+ Kh6 53. Qe3+ Kh7 54. Qe7+ Kg6 1/2-1/2

[Event "Ì15Ï"]
[Site "Loo"]
[Date "2017.04.26"]
[Round "7.63"]
[White "Àñòàõîâ, Äìèòðèé."]
[Black "Ðÿõîâñêèé, Ìàðê."]
[Result "1/2-1/2"]
[WhiteElo "1495"]
[BlackElo "1364"]
[PlyCount "107"]
[EventDate "2017.04.20"]

1. c4 Nf6 2. g3 g6 3. Bg2 Bg7 4. d4 O-O 5. Nf3 d5 6. O-O Nbd7 7. Qc2 dxc4 8.
Nbd2 Nb6 9. Nxc4 Nxc4 10. Qxc4 Be6 11. Qc2 c6 12. Rd1 Qb6 13. e4 Rac8 14. Be3
Qc7 15. Rac1 Ng4 16. Bf4 Qd7 17. h3 Nf6 18. Kh2 Rfd8 19. Qe2 Nh5 20. Be3 Nf6
21. Bf4 Nh5 22. Bd2 Nf6 23. b4 b5 24. Bc3 Bc4 25. Qc2 Qc7 26. Ne5 Be6 27. Ba1
Qb6 28. Qe2 Nd7 29. Nxd7 Rxd7 30. d5 Bxa1 31. dxe6 Rxd1 32. exf7+ Kxf7 33. Rxd1
Bd4 34. Rd2 Rf8 35. f4 Bc3 36. Rc2 Bxb4 37. e5 c5 38. Bd5+ e6 39. Bg2 c4 40.
Rb2 Bc3 41. Rb1 Rd8 42. Rd1 Rxd1 43. Qxd1 Qd4 44. Qf3 Ba5 45. Qb7+ Kg8 46. Qxb5
Bb6 47. Qe8+ Kg7 48. Qe7+ Kg8 49. Qxe6+ Kg7 50. Qe7+ Kg8 51. Qe6+ Kg7 52. Qf6+
Kg8 53. Qe6+ Kg7 54. Qe7+ 1/2-1/2

[Event "Ì15Ï"]
[Site "Loo"]
[Date "2017.04.26"]
[Round "7.64"]
[White "Âîëîäèí, Àíäðåé."]
[Black "Ìõèòàðÿí, Êàðåí."]
[Result "1-0"]
[WhiteElo "1467"]
[BlackElo "1280"]
[PlyCount "47"]
[EventDate "2017.04.20"]

1. e4 c5 2. Nf3 e6 3. c3 Nf6 4. e5 Nd5 5. d4 cxd4 6. cxd4 d6 7. Nc3 dxe5 8.
Nxe5 Bb4 9. Bd2 a6 10. a3 Bxc3 11. bxc3 Nd7 12. Nf3 b5 13. Bd3 Bb7 14. a4 Rc8
15. axb5 Nxc3 16. Bxc3 Rxc3 17. bxa6 Bxf3 18. Qxf3 O-O 19. Bxh7+ Kxh7 20. Qxc3
Rh8 21. a7 Nb6 22. O-O Nd5 23. Qh3+ Kg8 24. Qxh8+ 1-0

[Event "Ì15Ï"]
[Site "Loo"]
[Date "2017.04.26"]
[Round "7.65"]
[White "Íàãèáèí, Äàíèëà."]
[Black "Øè, Ìàêñèì."]
[Result "0-1"]
[WhiteElo "1239"]
[BlackElo "1462"]
[PlyCount "76"]
[EventDate "2017.04.20"]

1. d4 f5 2. e4 fxe4 3. Nc3 Nf6 4. Bg5 b6 5. Bxf6 exf6 6. Nxe4 Bb7 7. Ng3 Qe7+
8. Qe2 Qxe2+ 9. N1xe2 Nc6 10. f3 g6 11. Ne4 Bg7 12. O-O-O O-O-O 13. g4 Ne7 14.
Bg2 f5 15. Nf2 Rde8 16. Rhe1 Rhf8 17. Rd3 fxg4 18. Nxg4 Nf5 19. c3 Nh4 20. Bh1
Nxf3 21. Bxf3 Bxf3 22. Ne3 Bh6 23. Kd2 Be4 24. Ng3 Rf2+ 25. Ne2 Bxd3 26. Kxd3
Rxe3+ 27. Kc4 Rexe2 28. Rxe2 Rxe2 29. h4 Rxb2 30. h5 Rxa2 31. hxg6 hxg6 32. d5
g5 33. d6 cxd6 34. Kd4 g4 35. c4 g3 36. c5 dxc5+ 37. Ke4 g2 38. Kf3 g1=Q 0-1

[Event "Ì15Ï"]
[Site "Loo"]
[Date "2017.04.26"]
[Round "7.68"]
[White "Òåáëîåâ, Ðóñòåì."]
[Black "Êëþñ, Íèêèòà."]
[Result "1/2-1/2"]
[WhiteElo "1234"]
[BlackElo "1384"]
[PlyCount "136"]
[EventDate "2017.04.20"]

1. d4 d5 2. c4 c6 3. Nc3 Nf6 4. Nf3 e6 5. Bg5 Be7 6. e3 Nbd7 7. cxd5 exd5 8.
Bd3 O-O 9. Qc2 Re8 10. O-O Nf8 11. Rab1 Be6 12. b4 Qc7 13. Rfc1 h6 14. Bh4 Qd8
15. Bg3 Nh5 16. Be5 Nd7 17. b5 Nxe5 18. Nxe5 Ba3 19. Re1 c5 20. Bh7+ Kh8 21.
Bf5 Kg8 22. Bh7+ Kf8 23. Bf5 Rc8 24. Bxe6 Rxe6 25. Qf5 Nf6 26. e4 dxe4 27. Nxe4
cxd4 28. Nxf6 gxf6 29. Ng6+ Kg7 30. Rxe6 fxe6 31. Qg4 Kh7 32. Nf4 Qg8 33. Qxe6
Qxe6 34. Nxe6 d3 35. Kf1 d2 36. Rd1 Bb4 37. Nd4 Rc1 38. Ke2 Rxd1 39. Kxd1 Bc5
40. Ne6 Bxf2 41. Kxd2 a6 42. bxa6 bxa6 43. Nc7 a5 44. a4 Kg6 45. Kd3 h5 46. Kc4
h4 47. Kb5 h3 48. gxh3 Be1 49. Ne6 f5 50. Nd4 f4 51. Nf3 Bb4 52. Kc4 Kf5 53.
Kd5 Bc3 54. Nh4+ Kg5 55. Nf3+ Kf5 56. h4 Kg4 57. Ke4 Bf6 58. h3+ Kxh3 59. Kxf4
Bxh4 60. Nxh4 Kxh4 61. Ke5 Kg5 62. Kd6 Kf6 63. Kc7 Ke7 64. Kb6 Kd6 65. Kxa5 Kc5
66. Ka6 Kc6 67. Ka7 Kc7 68. a5 Kc6 1/2-1/2

[Event "Ì15Ï"]
[Site "Loo"]
[Date "2017.04.26"]
[Round "7.69"]
[White "Àðõèí÷ååâ, Âëàä."]
[Black "Øïóðîâ, Àëåêñàíäð."]
[Result "1-0"]
[WhiteElo "1285"]
[BlackElo "1237"]
[PlyCount "119"]
[EventDate "2017.04.20"]

1. e4 c5 2. Nf3 d6 3. d4 cxd4 4. Nxd4 Nf6 5. Nc3 g6 6. f3 Bg7 7. Be3 O-O 8. Qd2
Nc6 9. g4 Be6 10. h4 d5 11. Nxc6 bxc6 12. exd5 Nxd5 13. Bh6 Nxc3 14. Bxg7 Qxd2+
15. Kxd2 Ne4+ 16. fxe4 Kxg7 17. g5 Rfd8+ 18. Ke3 Rab8 19. b3 f6 20. Bh3 Rd6 21.
Bxe6 Rxe6 22. Kf4 Rb5 23. Rad1 Ra5 24. a4 f5 25. Rd4 fxe4 26. Rxe4 Rf5+ 27. Ke3
Rxe4+ 28. Kxe4 Rf2 29. Kd3 e5 30. Re1 Rf5 31. b4 Kf7 32. b5 cxb5 33. axb5 Ke6
34. Ra1 Rf7 35. c4 Rc7 36. Re1 Rd7+ 37. Kc3 Rd4 38. c5 Kd5 39. c6 Rxh4 40. Kb3
Rh3+ 41. Kb4 Rh4+ 42. Ka5 Kd6 43. Rd1+ Kc7 44. Rd7+ Kb8 45. Rd8+ Kc7 46. Rd7+
Kb8 47. Rb7+ Ka8 48. Re7 Kb8 49. Rxe5 Kc7 50. Re7+ Kb8 51. Re8+ Kc7 52. Ra8 Rh5
53. Rxa7+ Kc8 54. Kb6 Kd8 55. c7+ Kc8 56. Ra8+ Kd7 57. c8=Q+ Kd6 58. Qc5+ Ke6
59. Re8+ Kd7 60. Qe7# 1-0

[Event "Ì15Â"]
[Site "Loo"]
[Date "2017.04.26"]
[Round "7.1"]
[White "Íåñòåðîâ, Àðñåíèé."]
[Black "Àâàëÿí, Àðòóð."]
[Result "1/2-1/2"]
[WhiteElo "2324"]
[BlackElo "2163"]
[PlyCount "66"]
[EventDate "2017.04.20"]

1. d4 Nf6 2. c4 e6 3. Nc3 Bb4 4. e3 b6 5. Bd3 Bb7 6. Nge2 Bxg2 7. Rg1 Bf3 8.
Rxg7 Nh5 9. Rg1 Bxc3+ 10. bxc3 Qh4 11. Qc2 f5 12. Ba3 Nc6 13. Rb1 Qxh2 14. Bxf5
Qh4 15. Bg6+ Kd8 16. Bd3 Nf6 17. Rg3 Bg4 18. Kd2 Nh5 19. Rgg1 e5 20. Be4 Na5
21. Bxa8 Nxc4+ 22. Ke1 Nxa3 23. Qe4 Nf6 24. Qb7 Rf8 25. Qb8+ Ke7 26. Qxc7 Nxb1
27. Qxe5+ Kd8 28. Qb8+ Ke7 29. Qe5+ Kd8 30. Rh1 Bh3 31. Qb8+ Ke7 32. Qe5+ Kd8
33. Qb8+ Ke7 1/2-1/2

[Event "Ì15Â"]
[Site "Loo"]
[Date "2017.04.26"]
[Round "7.2"]
[White "Êîëäàåâ, Äóíãàð."]
[Black "Öîé, Äìèòðèé."]
[Result "0-1"]
[WhiteElo "1988"]
[BlackElo "2305"]
[PlyCount "66"]
[EventDate "2017.04.20"]

1. d4 Nf6 2. Nc3 d5 3. Bf4 c5 4. e3 e6 5. Nb5 Na6 6. Nf3 c4 7. Nd2 Qa5 8. Nd6+
Bxd6 9. Bxd6 Ne4 10. Bg3 Qb4 11. Rb1 Qa5 12. Ra1 c3 13. Nb3 Qb6 14. bxc3 Nxc3
15. Qd3 Ne4 16. Qb5+ Bd7 17. Qxb6 axb6 18. a3 Ke7 19. Bd3 Rhc8 20. f3 Nc3 21.
Kd2 Na4 22. e4 Bc6 23. Rhe1 Nb2 24. Bf1 dxe4 25. fxe4 Ba4 26. Reb1 Nc4+ 27.
Bxc4 Rxc4 28. Bf2 Rac8 29. Rb2 Nc7 30. Raa2 Nb5 31. e5 Nc3 32. Ra1 Ne4+ 33. Ke3
Nxf2 0-1

[Event "Ì15Â"]
[Site "Loo"]
[Date "2017.04.26"]
[Round "7.3"]
[White "Øàéõàëèåâ, Äæîõàð."]
[Black "Ïîãîñÿí, Ñòåôàí."]
[Result "0-1"]
[WhiteElo "1846"]
[BlackElo "2387"]
[PlyCount "64"]
[EventDate "2017.04.20"]

1. e4 e5 2. Nf3 Nc6 3. Bc4 Nf6 4. d3 Be7 5. O-O d6 6. c3 O-O 7. Bb3 Be6 8. Bc2
Qd7 9. h3 h6 10. Re1 Rfe8 11. a3 Rad8 12. d4 exd4 13. cxd4 d5 14. e5 Ne4 15.
Be3 f5 16. Nh2 Rf8 17. f4 Na5 18. Nd2 c5 19. Nxe4 dxe4 20. dxc5 Qc6 21. Qc1
Bxc5 22. Nf1 Be7 23. b4 Nc4 24. Bb3 Qa6 25. Bxc4 Bxc4 26. Qb2 Rd3 27. Nd2 Be6
28. Kf2 Rfd8 29. Rec1 Bh4+ 30. g3 Bxg3+ 31. Kxg3 Rxe3+ 32. Kf2 Qe2+ 0-1

[Event "Ì15Â"]
[Site "Loo"]
[Date "2017.04.26"]
[Round "7.4"]
[White "Øóáèí, Êèðèëë."]
[Black "Ñêà÷êîâ, Âàëåðèé."]
[Result "1-0"]
[WhiteElo "2287"]
[BlackElo "2149"]
[PlyCount "43"]
[EventDate "2017.04.20"]

1. e4 e5 2. Nf3 Nf6 3. Nc3 Nc6 4. g3 d6 5. Bg2 Be7 6. d3 O-O 7. O-O Be6 8. Ng5
Bg4 9. f3 Bh5 10. g4 Bg6 11. Nh3 Qd7 12. Be3 Rfe8 13. g5 Nh5 14. Nd5 Bd8 15. c4
Ne7 16. d4 Nxd5 17. cxd5 c6 18. dxc6 Qxc6 19. Qb3 Bb6 20. Rfe1 Rac8 21. Rac1
Qd7 22. dxe5 {äàëåå çàïèñü íåðàçáîð~~èâà} 1-0

[Event "Ì15Â"]
[Site "Loo"]
[Date "2017.04.26"]
[Round "7.5"]
[White "Òðóá÷àíèíîâ, Àðòåì."]
[Black "Ìàêàðÿí, Ðóäèê."]
[Result "0-1"]
[WhiteElo "1917"]
[BlackElo "2207"]
[PlyCount "124"]
[EventDate "2017.04.20"]

1. Nf3 c5 2. c4 b6 3. Nc3 Bb7 4. d4 cxd4 5. Nxd4 Nf6 6. f3 e6 7. e4 d6 8. Be3
Be7 9. Be2 O-O 10. O-O a6 11. Qd2 Nbd7 12. Rfd1 Qc7 13. Rac1 Rac8 14. a3 Qb8
15. b4 Bd8 16. Nb3 Bc7 17. Bf4 Ne5 18. Bxe5 dxe5 19. c5 bxc5 20. Nxc5 Rfd8 21.
Qe1 Rd4 22. Bxa6 Bxa6 23. Nxa6 Bb6 24. Kh1 Qa7 25. Nd5 Rd8 26. Nxb6 Qxa6 27.
Rxd4 exd4 28. Nc4 h5 29. h4 Re8 30. Ne5 Rd8 31. Nc6 Ra8 32. Nxd4 Qxa3 33. b5
Qb2 34. Qc3 Qf2 35. Ra1 Rd8 36. Nb3 Rb8 37. Qc5 Qxh4+ 38. Kg1 Qf4 39. Rb1 h4
40. Qf2 h3 41. Nc1 h2+ 42. Kh1 Nh5 43. Qe1 Ng3+ 44. Kxh2 Nxe4+ 45. Kg1 Nd6 46.
b6 Nc4 47. b7 Nd6 48. Qc3 Rxb7 49. Rxb7 Nxb7 50. Ne2 Qb8 51. g4 Nd6 52. Kg2 Qb5
53. Nd4 Qd5 54. Kg3 f5 55. Nc6 Qd1 56. Qe5 Qg1+ 57. Kh3 fxg4+ 58. Kh4 Nf5+ 59.
Kh5 Qh1+ 60. Kg5 Qg2 61. Kf4 g5+ 62. Ke4 Qe2# 0-1

[Event "Ì15Â"]
[Site "Loo"]
[Date "2017.04.26"]
[Round "7.6"]
[White "Âàñèëüåâ, Ãåîðãèé."]
[Black "Âîëîâè÷, Âàñèëèé."]
[Result "0-1"]
[WhiteElo "2011"]
[BlackElo "2152"]
[PlyCount "110"]
[EventDate "2017.04.20"]

1. d4 e6 2. c4 f5 3. Nc3 Nf6 4. g3 Be7 5. Bg2 O-O 6. Nf3 Ne4 7. Qc2 d5 8. O-O
Bf6 9. Ne5 c5 10. e3 cxd4 11. exd4 Nc6 12. Nxc6 bxc6 13. Be3 Ba6 14. Rfe1 Qb6
15. Na4 Qa5 16. f3 Nd6 17. Nc5 Nxc4 18. Bf2 Bc8 19. Re2 Rb8 20. b3 Na3 21. Qd3
Re8 22. Rc1 Nb5 23. a4 Nd6 24. Be1 Qb6 25. Kh1 a5 26. Bd2 Nb7 27. Bh3 Nxc5 28.
dxc5 Qxb3 29. Bxf5 Qxd3 30. Bxd3 Ra8 31. Rb1 Ba6 32. Bxa6 Rxa6 33. Rb6 Rxb6 34.
cxb6 Rb8 35. Bxa5 Bd4 36. Rxe6 Bxb6 37. Bd2 Rc8 38. Re7 Rc7 39. Re1 Kf7 40. a5
Bd4 41. Kg2 c5 42. Kf1 c4 43. Bf4 Rc5 44. a6 Ra5 45. Rd1 Ba7 46. Ke2 Ke6 47.
Be3 Rxa6 48. Bxa7 Rxa7 49. Ke3 Ra2 50. h4 h5 51. Kd4 Ra3 52. g4 Rxf3 53. gxh5
Rf4+ 54. Kc3 Rxh4 55. Rg1 Rxh5 0-1